000 00877cam a2200289Ka 4500
001 54850
005 20230410123931.0
008 010928s1995 mx b 000 0 spa d
035 _a(OCoLC)ocm48050351
040 _aUBP
_bspa
_cUBP
_dOCLCQ
020 _a9681645243
020 _a9789681645243
035 _a(OCoLC)48050351
050 1 4 _aLA422
_b.E74 1995
049 _aGRAL
245 0 3 _aLa escuela cotidiana /
_cElsie Rockwell, coordinadoora.
260 _aMéxico :
_bFondo de Cultura Econâomica,
_c1995, reimpresión 1999.
300 _a238 p. ;
_c21 cm.
440 0 _aSección de obras de educación y pedagogía
504 _aIncluye referencias bibliográficas (p. 223-235).
650 4 _aEducación
_zMéxico.
650 4 _aEducación
_xAspectos sociales.
700 1 _aRockwell, Elsie.
942 _2lcc
_cbk
994 _aC0
_bDRFGD
946 _aLspaulino
999 _c68416
_d68416